To servitise or not to servitise (Record no. 5111)

MARC details
000 -CABECERA
campo de control de longitud fija 01263nam a22001577a 4500
008 - DATOS DE LONGITUD FIJA--INFORMACIÓN GENERAL
campo de control de longitud fija 251024b |||||||| |||| 00| 0 eng d
040 ## - FUENTE DE LA CATALOGACIÓN
Centro/agencia transcriptor TBS
041 ## - CÓDIGO DE LENGUA
Código de lengua del texto/banda sonora o título independiente eng
100 ## - ENTRADA PRINCIPAL--NOMBRE DE PERSONA
Nombre de persona Diederen, Raoul
9 (RLIN) 26336
Término indicativo de función/relación author
245 ## - MENCIÓN DE TÍTULO
Título To servitise or not to servitise
Resto del título : when and how should an industrial manufacturer embark on the path of servitisation
Mención de responsabilidad, etc. / Raoul Diederen.
260 ## - PUBLICACIÓN, DISTRIBUCIÓN, ETC.
Lugar de publicación, distribución, etc. [Place of publication not identified] :
Nombre del editor, distribuidor, etc. Publisher not identified],
Fecha de publicación, distribución, etc. 2024.
300 ## - DESCRIPCIÓN FÍSICA
Extensión 82 pages ;
Dimensiones 21 cm.
520 ## - SUMARIO, ETC.
Sumario, etc. This book assists CEOs of industrial manufacturing companies in addressing the six most critical questions they should consider when contemplating a servitisation strategy. These questions are:<br/>(1) What are the potential weaknesses in my current strategy? <br/>(2) What is servitisation and why is it important? <br/>(3) Is servitisation the right approach for my business? <br/>(4) Is my organisation prepared for servitisation? <br/>(5) What resources are necessary to implement servitisation? <br/>(6) What are the risks and rewards associated with servitisation? <br/>It enables CEOs to make a balanced assessment of the added value and appropriateness of a servitisation strategy in the context of their company's circumstances.
650 #0 - PUNTO DE ACCESO ADICIONAL DE MATERIA--TÉRMINO DE MATERIA
Término de materia o nombre geográfico como elemento de entrada Decision making
9 (RLIN) 339
942 ## - ELEMENTOS DE ENTRADA AGREGADA (KOHA)
Fuente del sistema de clasificación o colocación Clasificación de Library of Congress

No items available.

Powered by Koha